000 00707cam a2200181 4500
001 ABS60725
008 000000n1999 000 0 eng u
035 _a(Sirsi) u101212
110 _aJoint Development Board
_93495
245 _aPlanning and progress control.
260 _c1999
490 _aCost Engineer
_v37(3) May 1999, 10-12(3)
520 _aDiscusses the importance of planning and controlling a construction project and outlines the three levels of planning which offer different amounts of detail to reflect the needs of the users of the information. Graphs.
650 _aMANAGEMENT-PROJECT MANAGEMENT
650 _aPLANNING
690 _aBUILDING AND CONSTRUCTION-PROJECTS
942 _n0
999 _c60373
_d60373